LEADER 01068nam2 2200385 450 001 990000985660203316 005 20040324144903.0 010 $a88-7078-075-9 035 $a0098566 035 $aUSA010098566 035 $a(ALEPH)000098566USA01 035 $a0098566 100 $a20020225d1989----km-y0itay0103----ba 101 $aita 102 $aIT 105 $a||||||||001yy 200 1 $aClinica$v2 210 $aMilano$cR. Cortina$d1989 215 $aXLI, 990 p.$d25 cm 461 1$10010098564$12001$aTrattato di psiconalisi 606 0 $aPsicanalisi$xStudi 676 $a150.195 702 1$aSEMI,$bAntonio Alberto 801 0$aIT$bsalbc$gISBD 912 $a990000985660203316 951 $aVI ps B COLL 103/5 II$b98450 LM$cVI ps B COLL 959 $aBK 969 $aUMA 979 $aPATTY$b90$c20020225$lUSA01$h1435 979 $aPATTY$b90$c20020225$lUSA01$h1437 979 $c20020403$lUSA01$h1740 979 $aPATRY$b90$c20040324$lUSA01$h1449 979 $aPATRY$b90$c20040406$lUSA01$h1708 996 $aClinica$9975439 997 $aUNISA LEADER 00855nam0-22003251i-450- 001 990002036170403321 005 20021010 035 $a000203617 035 $aFED01000203617 035 $a(Aleph)000203617FED01 035 $a000203617 100 $a20021010d--------km-y0itay50------ba 101 0 $aita 200 1 $a<>vie des mouches et des moustiques.$fE. Seguy 210 $aParis$cLibrairie Delagrave$d1938 215 $a254 p.$d19 cm 610 0 $aDitteri 610 0 $aCulicidae 610 0 $aZanzare 610 0 $aMosche 676 $a595.771 700 1$aSéguy,$bEugène$f<1890-1985>$0360104 801 0$aIT$bUNINA$gRICA$2UNIMARC 901 $aBK 912 $a990002036170403321 952 $a61 V C.4/003$b1433$fDAGEN 959 $aDAGEN 996 $aVie des mouches et des moustiques$9407478 997 $aUNINA DB $aING01 LEADER 01348nam 2200433 450 001 9910809794403321 005 20230814222459.0 010 $a1-61537-194-X 035 $a(CKB)4100000004821523 035 $a(MiAaPQ)EBC5400325 035 $a(Au-PeEL)EBL5400325 035 $a(OCoLC)1038484805 035 $a(EXLCZ)994100000004821523 100 $a20180616d2018 uy 0 101 0 $aeng 135 $aurcnu|||||||| 181 $ctxt$2rdacontent 182 $cc$2rdamedia 183 $acr$2rdacarrier 200 00$aStudent mental health $ea guide for psychiatrists, psychologists, and leaders serving in higher education /$fedited by Laura Weiss Roberts 205 $aFirst edition. 210 1$aWashington, DC :$cAmerican Psychiatric Association Publishing,$d[2018] 210 4$d©2018 215 $a1 online resource (540 pages) 311 $a1-61537-114-1 320 $aIncludes bibliographical references and index. 606 $aMental Health Services 606 $aStudent Health Services 615 12$aMental Health Services 615 12$aStudent Health Services 676 $a362.1071 702 $aRoberts$b Laura Weiss$f1960- 801 0$bMiAaPQ 801 1$bMiAaPQ 801 2$bMiAaPQ 906 $aBOOK 912 $a9910809794403321 996 $aStudent mental health$93968513 997 $aUNINA